书目信息 |
| 题名: |
水分析化学
|
|
| 作者: | 王国惠 主编 | |
| 分册: | ||
| 出版信息: | 北京 化学工业出版社 2018重印 |
|
| 页数: | 298页 | |
| 开本: | 26cm | |
| 丛书名: | 21世纪高等院校规划教材 | |
| 单 册: | ||
| 中图分类: | O661.1 | |
| 科图分类: | ||
| 主题词: | 水质分析--shui zhi fen xi--分析化学--高等学校--教材 | |
| 电子资源: | ||
| ISBN: | 978-7-122-22687-7 | |
| 000 | 01134nam 2200301 45 | |
| 001 | 012001000206 | |
| 005 | 20191108094148.42 | |
| 010 | @a978-7-122-22687-7@dCNY39.80 | |
| 099 | @aCAL 012015055135 | |
| 100 | @a20150416d2015 em y0chiy50 ea | |
| 101 | 0 | @achi |
| 102 | @aCN@b110000 | |
| 105 | @aak a 000yy | |
| 106 | @ar | |
| 200 | 1 | @a水分析化学@Ashui fen xi hua xue@f王国惠主编 |
| 205 | @a第3版 | |
| 210 | @a北京@c化学工业出版社@d2018重印 | |
| 215 | @a298页@c图@d26cm | |
| 225 | 2 | @a21世纪高等院校规划教材@A21 shi ji gao deng yuan xiao gui hua jiao cai |
| 320 | @a有书目 (第298页) | |
| 330 | @a本书以水质项目为基础,主要内容包括有关水质的概念,数据处理及各种分析方法的基本概念、基本原理、基本理论及相关应用。 | |
| 333 | @a本书可作为高等院校环境工程、给水排水、环境科学等相关专业本科生的教材,也可供研究生和相关专业的教师及从事环境保护工作的科技人员参考。 | |
| 410 | 0 | @12001@@a21世纪高等院校规划教材 |
| 606 | 0 | @a水质分析@Ashui zhi fen xi@x分析化学@x高等学校@j教材 |
| 690 | @aO661.1@v5 | |
| 701 | 0 | @a王国惠@Awang guo hui@4主编 |
| 801 | 0 | @aCN@b北京卓展文化@c20191020 |
| 905 | @b1200060-2@dO661.1@e9=3@f3 | |
| 水分析化学/王国惠主编.-第3版.-北京:化学工业出版社,2018重印 |
| 298页:图;26cm.-(21世纪高等院校规划教材) |
| 使用对象:本书可作为高等院校环境工程、给水排水、环境科学等相关专业本科生的教材,也可供研究生和相关专业的教师及从事环境保护工作的科技人员参考。 |
| ISBN 978-7-122-22687-7:CNY39.80 |
| 本书以水质项目为基础,主要内容包括有关水质的概念,数据处理及各种分析方法的基本概念、基本原理、基本理论及相关应用。 |
| ● |
| 相关链接 |
|
|
|
|
正题名:水分析化学
索取号:O661.1/9=3
 
预约/预借
| 序号 | 登录号 | 条形码 | 馆藏地/架位号 | 状态 | 备注 |
| 1 | 1200060 | 212000608 | 第二样本阅览室/ [索取号:O661.1/9=3] | 在馆 | |
| 2 | 1200061 | 212000617 | 第三借阅区/ [索取号:O661.1/9=3] | 在馆 | |
| 3 | 1200062 | 212000626 | 第三借阅区/ [索取号:O661.1/9=3] | 在馆 |